Iniciación al derecho
Gardado en:
| Main Authors: | , |
|---|---|
| Formato: | Libro |
| Idioma: | Lingua castelá |
| Publicado: |
Madrid
Universitas
1995
|
| Subjects: | |
| Tags: |
Engadir etiqueta
Sen Etiquetas, Sexa o primeiro en etiquetar este rexistro!
|
MARC
| LEADER | 00000nam a2200000 a 4500 | ||
|---|---|---|---|
| 001 | UCT0832 | ||
| 003 | CL-VaPUC | ||
| 008 | 960906e19950000SP |||||||||||||||||spa|d | ||
| 082 | 0 | 4 | |a 340 |b GAR |2 21 |
| 100 | |a García Garrido, Manuel Jesús |e autor |9 573676 | ||
| 700 | 0 | |a Fernández Galiano, Antonio |e author |9 369369 | |
| 245 | 1 | 0 | |a Iniciación al derecho |
| 300 | |a 186 p | ||
| 942 | |c BK | ||
| 945 | |d 19960906 00:00:00 |a rleighto | ||
| 260 | |a Madrid |b Universitas |c 1995 | ||
| 650 | 7 | |a DERECHO |2 CL-VaPUC |9 369370 | |
| 650 | 0 | |a Historia |9 255047 | |
| 650 | 0 | |a Filosofía |9 223554 | |
| 650 | 7 | |a DERECHO ANTIGUO |2 CL-VaPUC |9 369371 | |
| 650 | 0 | |a Derecho público |9 255910 | |
| 650 | 0 | |a Derecho privado |9 258243 | |
| 583 | |a last modification |c 19960906 00:00:00 |k Rodrigo Vera | ||
| 999 | |c 251532 |d 251530 | ||
| 952 | |0 0 |1 0 |4 0 |6 340_000000000000000_GAR_1995 |7 0 |8 DER_TF |9 270760 |a BIBDER |b BIBDER |d 2019-11-19 |i 3227790 |o 340 GAR 1995 |p 3227790 |r 2023-01-25 |w 2019-11-19 |x Ubicación 4to Piso |y BK_X |z Estos recursos deben solicitarse con anticipación |k DER | ||